Caricamento...

Behaving in organizations : tales from the trenches /

Dettagli Bibliografici
Autore principale: Frantzve, Jerri L., 1942-
Natura: Printed Book
Lingua:English
Pubblicazione: Boston : Allyn and Bacon, c1983.
Soggetti:
LEADER 00771pam a2200205 a 4500
008 830104s1983 mau b 000 0 eng
010 |a  82025289  
020 |a 0205078532 
041 |a eng 
082 0 0 |a 158.7  |2 19 
100 1 |a Frantzve, Jerri L.,  |d 1942- 
245 1 0 |a Behaving in organizations :  |b tales from the trenches /  |c Jerri L. Frantzve. 
260 |a Boston :  |b Allyn and Bacon,  |c c1983. 
300 |a ix, 229 p. ;  |c 23 cm. 
504 |a Includes bibliographies. 
650 0 |a Organizational behavior  |x Case studies. 
906 |a 7  |b cbc  |c orignew  |d 1  |e ocip  |f 19  |g y-gencatlg 
942 |c BK 
999 |c 182511  |d 182511 
952 |0 0  |1 0  |2 ddc  |4 0  |6 158_700000000000000_FRA_B  |7 0  |9 201804  |a EDU  |b EDU  |c ST1  |d 2010-10-20  |i 4071  |l 1  |o 158.7 FRA/B  |p EDU4071  |r 2015-05-27  |s 2015-05-20  |w 2010-10-20  |y BK